000 00585nam a2200193Ia 4500
003 GCL
008 140319s9999 xx 000 0 ara d
020 _a1141314977
040 _aGCL /
_cGCL
082 0 4 _a646.7
_bت م
100 1 _aرجاء الشناوى
245 1 0 _aالمهارات الحياتية /
_cرجاء الشناوى
250 _aالاولى
260 _aالقاهرة :
_bمكتبة زهراء الشرق ،
_c2001
300 _a251 ص ؛
_c24 سم
650 0 4 _aالتفاعل الاجتماعى
650 0 4 _aاتخاذ القرارات
942 _2ddc
_cBK
999 _c3188
_d3188